Statistics for Apex Predators

Click here to take the quiz!

General Stats

  • This quiz has been taken 125 times
  • The average score is 7 of 14

Answer Stats

LocationHintAnswer% Correct
African SavannahCan hunt adult hippos and juvenile elephants and rhinos.Lion
99%
OceanHunts other feared ocean predators like sharks and the largest whales.Orca
93%
Arctic RegionsCan hunt walruses and elephant seals and sometimes even smaller whales, like narwhals and beluga whales, and also dolphins.Polar Bear
71%
South AmericaHunts caimans and sometimes even jaguars.Green Anaconda
60%
TasmaniaCan hunt large herbivores like kangaroos.Tasmanian Devil
51%
Some Indonesian IslandsHunts the larger herbivores in those islands. Has a poisonous bite.Komodo Dragon
50%
Australian MainlandHunts kangaroos and other large australian herbivores.Dingo
48%
North American Wetlands and MarshlandsCan hunt sharks.American Alligator
40%
AntarcticaHunts penguins and sealsLeopard Seal
40%
Far Eastern RussiaCan hunt brown bears.Siberian Tiger
39%
MadagascarHunts lemurs and other endemic primates. Main antagonist in the movie MadagascarFossa
30%
Shores of Southeast AsiaHunts sharks and sometimes even humans.Saltwater Crocodile
30%
Coral Reefs WorldwideHunts octopus and sometimes poisonous fish like the lionfish.Moray Eel
14%
South and Southeast AsiaCan occasionally hunt weaker sun bears and sometimes even humans.Reticulated Python
9%

Score Distribution

Percentile by Number Answered

Percent of People with Each Score

Your Score History

You have not taken this quiz